| 000 | 01008nac a22002651u 4500 | ||
|---|---|---|---|
| 010 | _a 2005938661 | ||
| 020 | _a0495017639 (student ed.) | ||
| 020 | _a0495188417 (1pass) | ||
| 082 |
_a519.5 _bJ661 |
||
| 090 |
_c1993 _d1993 |
||
| 100 | _aJohnson, Robert Russel | ||
| 245 | 1 | 0 |
_aElementary statistics / _cRobert Johnson, Patricia Kuby. |
| 250 | _a10th ed. | ||
| 260 |
_aBelmont, CA : _bThomson/Brooks/Cole,2007 _c2007. |
||
| 300 |
_axxiii, 884 p. : _bill. (some col.) ; _c27 cm. |
||
| 500 | _aIncludes one formula card. | ||
| 500 | _aIncludes indexes. | ||
| 538 | _aSystem requirements for accompanying computer disc: Windows 98se/ME/XP/NT/2000; Win: Internat Explorer 6/Netscape 7; Mac: Internet Explorer 5/Netscape 7; JAVA Virtual Machine: JAVA 1.4.3 for Windows. | ||
| 650 | 0 |
_aStatistics _vTextbooks. |
|
| 700 | 1 | _aKuby, Patricia. | |
| 942 |
_cBB _k519.5J661 _hRDA-MOD |
||
| 999 |
_c1993 _d1993 |
||
| 336 |
_2rdacontent _atext _btxt |
||
| 337 |
_aunmediated _2rdamedia _bn |
||
| 338 |
_avolume _bnc _2rdacarrier |
||